[Event "Campeonato de España Universitario 2008"]
[Site "Madrid ESP"]
[Date "2008.05.08"]
[Round "2.24"]
[White "Cabrero De Cabo, Miguel"]
[Black "Perez Felipe, Marcos Adrian"]
[Result "0-1"]
[WhiteElo "2102"]
[BlackElo "2238"]
[PlyCount "88"]
[EventDate "2008.05.08"]
[EventType "swiss"]
[EventRounds "9"]
[EventCountry "ESP"]
[Source "lmi"]
[SourceDate "2008.05.08"]

1. e4 c5 2. Nc3 Nc6 3. g3 g6 4. Bg2 Bg7 5. d3 d6 6. f4 e6 7. Nf3 Nge7 8. O-O
O-O 9. Be3 b6 10. Qd2 Bb7 11. g4 f5 12. h3 Qd7 13. Rae1 Nd4 14. Qf2 Nxf3+ 15.
Bxf3 d5 16. exd5 Nxd5 17. Nxd5 Bxd5 18. Bxd5 exd5 19. d4 fxg4 20. dxc5 d4 21.
Qd2 gxh3 22. Kh2 bxc5 23. c3 Rad8 24. cxd4 cxd4 25. Rd1 Qg4 26. Rg1 Qf5 27. Bf2
Rc8 28. Rg5 Qxf4+ 29. Qxf4 Rxf4 30. Bg3 Rf5 31. Rxf5 gxf5 32. Rd2 Kf7 33. Kxh3
Bf6 34. Bf2 Rd8 35. Kg2 Ke6 36. Kf3 Be5 37. Ke2 Kd5 38. Kd3 Rg8 39. Rc2 Rg2 40.
b4 h5 41. a4 Bd6 42. b5 Rh2 43. a5 Rh3+ 44. Kd2 Bb4+ 0-1

[Event "Campeonato de España Universitario 2008"]
[Site "Madrid ESP"]
[Date "2008.05.08"]
[Round "2.25"]
[White "Perez Campos, Adria"]
[Black "Piña Sierra, Julia"]
[Result "1/2-1/2"]
[WhiteElo "2229"]
[BlackElo "2101"]
[PlyCount "120"]
[EventDate "2008.05.08"]
[EventType "swiss"]
[EventRounds "9"]
[EventCountry "ESP"]
[Source "lmi"]
[SourceDate "2008.05.08"]

1. c4 Nf6 2. Nc3 c5 3. g3 Nc6 4. Bg2 g6 5. a3 a5 6. Nf3 Bg7 7. O-O O-O 8. d4 d5
9. dxc5 dxc4 10. Qa4 Be6 11. Ng5 Qc8 12. Qb5 Bd7 13. Qxc4 Ne5 14. Qb3 Qxc5 15.
Na4 Bxa4 16. Qxa4 b5 17. Qf4 Nd5 18. Qh4 h5 19. h3 Ra6 20. g4 Nf6 21. Ne4 Nxe4
22. Bxe4 Bf6 23. Qg3 h4 24. Qg2 Nc4 25. Rb1 Re6 26. Bd3 Ne5 27. Be3 Qd6 28.
Bxb5 Qb8 29. a4 Rd8 30. b4 axb4 31. g5 Bg7 32. Rxb4 Nc6 33. Rxh4 Nd4 34. Bxd4
Bxd4 35. Qf3 Re5 36. e3 Rxg5+ 37. Rg4 Rxg4+ 38. Qxg4 Bf6 39. h4 Kg7 40. Kg2 Rh8
41. Rh1 Rh5 42. Be2 Qe5 43. Qg3 Qxg3+ 44. fxg3 Re5 45. Kf3 Rf5+ 46. Ke4 Rf2 47.
Kd3 Rf5 48. Rf1 Ra5 49. Bd1 Be5 50. g4 Rc5 51. h5 f6 52. Be2 Ra5 53. Bd1 Rc5
54. Bc2 gxh5 55. gxh5 Kh6 56. Bd1 e6 57. Rg1 Rc3+ 58. Kd2 Ra3 59. Rg6+ Kh7 60.
Bc2 Kh8 1/2-1/2

[Event "Campeonato de España Universitario 2008"]
[Site "Madrid ESP"]
[Date "2008.05.08"]
[Round "2.26"]
[White "Hajmohamad Ali, Ehsan"]
[Black "Gomez Gomez, Francisco Javier"]
[Result "0-1"]
[WhiteElo "2227"]
[BlackElo "2097"]
[PlyCount "132"]
[EventDate "2008.05.08"]
[EventType "swiss"]
[EventRounds "9"]
[EventCountry "ESP"]
[Source "lmi"]
[SourceDate "2008.05.08"]

1. e4 c5 2. b3 Nc6 3. Bb2 Nf6 4. Nc3 e6 5. Nf3 Be7 6. d4 cxd4 7. Nxd4 O-O 8.
Nxc6 dxc6 9. e5 Nd5 10. Ne4 Qa5+ 11. Qd2 Nb4 12. Bc3 Qd5 13. f3 Qxd2+ 14. Kxd2
Rd8+ 15. Kc1 Nd5 16. Kb2 Nxc3 17. Kxc3 f5 18. Nf2 Bc5 19. Rd1 Rd5 20. Rxd5 cxd5
21. Nd3 Be3 22. g3 Bd7 23. Kb2 Bc6 24. Bg2 d4 25. Nb4 g5 26. Nxc6 bxc6 27. f4
gxf4 28. Bxc6 Rd8 29. Rf1 fxg3 30. hxg3 d3 31. cxd3 Rxd3 32. Rf3 Bd4+ 33. Kc2
Rxf3 34. Bxf3 Bxe5 35. g4 fxg4 36. Bxg4 Kf7 37. Kd3 Kf6 38. Ke4 Bc3 39. Be2 Kg5
40. Bc4 e5 41. Be6 h5 42. Kf3 Kf6 43. Bh3 Ke7 44. Bf5 Kd6 45. Ke4 Kc5 46. a4
Kb4 47. Be6 h4 48. Kd3 Be1 49. Ke4 Bg3 50. Kd3 a5 51. Ke3 Kc3 52. Ke4 Kd2 53.
Kf3 Kd3 54. Bf5+ Kc3 55. Be6 Kd4 56. Bf5 Be1 57. Ke2 Bb4 58. Kf3 Be7 59. Ke2 e4
60. Bd7 Ke5 61. Bh3 Kf4 62. Bg2 Bc5 63. Kf1 Ke3 64. Bh3 Kd2 65. Bg4 e3 66. Bf3
h3 0-1

[Event "Campeonato de España Universitario 2008"]
[Site "Madrid ESP"]
[Date "2008.05.08"]
[Round "2.27"]
[White "Lanza Peña, Alberto"]
[Black "Navarro Ortiz De Ortuño, Borja Ed"]
[Result "0-1"]
[WhiteElo "2101"]
[BlackElo "2224"]
[PlyCount "98"]
[EventDate "2008.05.08"]
[EventType "swiss"]
[EventRounds "9"]
[EventCountry "ESP"]
[Source "lmi"]
[SourceDate "2008.05.08"]

1. Nf3 d5 2. g3 Nf6 3. Bg2 c6 4. b3 Bf5 5. Bb2 e6 6. O-O h6 7. d3 Be7 8. c4 O-O
9. Nbd2 a5 10. Re1 Bh7 11. e4 Na6 12. e5 Nd7 13. Bf1 Nb4 14. Re3 Qb6 15. a3 Na6
16. cxd5 cxd5 17. d4 Rac8 18. Rc1 Nab8 19. Rec3 Rxc3 20. Rxc3 Nc6 21. Bd3 Bxd3
22. Rxd3 Na7 23. Qc1 Nb8 24. Rc3 Nbc6 25. Rc2 Nb5 26. Qa1 f6 27. Rc1 fxe5 28.
dxe5 Bc5 29. Rf1 Nbd4 30. Qd1 Rf5 31. g4 Rf4 32. g5 Nxf3+ 33. Nxf3 h5 34. Bc1
Rf5 35. Kh1 Bxf2 36. Qe2 Bc5 37. g6 Qxb3 38. Ng5 Qc4 39. Qxc4 dxc4 40. Rxf5
exf5 41. Nf7 Be7 42. Kg2 b5 43. Nd6 Bxd6 44. exd6 Kf8 45. Bb2 b4 46. axb4 axb4
47. d7 c3 48. Bc1 b3 49. Ba3+ Kg8 0-1

[Event "Campeonato de España Universitario 2008"]
[Site "Madrid ESP"]
[Date "2008.05.08"]
[Round "2.28"]
[White "Mayans Calvo, Mariano"]
[Black "Fidalgo Fernandez, Lucia"]
[Result "0-1"]
[WhiteElo "2223"]
[BlackElo "2093"]
[PlyCount "121"]
[EventDate "2008.05.08"]
[EventType "swiss"]
[EventRounds "9"]
[EventCountry "ESP"]
[Source "lmi"]
[SourceDate "2008.05.08"]

1. c4 e5 2. Nc3 Nc6 3. g3 Bb4 4. Bg2 Bxc3 5. bxc3 d6 6. e3 f5 7. Ne2 Nf6 8. d4
O-O 9. Rb1 Na5 10. O-O Rb8 11. Qa4 c5 12. Ba3 b6 13. f4 e4 14. Rfd1 Qc7 15. Bf1
Ng4 16. Bc1 Bd7 17. Qc2 Nxc4 18. Qb3 d5 19. a4 Be6 20. Bh3 Ngxe3 21. Bxe3 Nxe3
22. Re1 Nc4 23. Qa2 Qc6 24. Nc1 Bd7 25. Ra1 Na5 26. Nb3 Nxb3 27. Qxb3 Rfc8 28.
Bf1 cxd4 29. cxd4 Qd6 30. Ba6 Rc6 31. Bb5 Rc7 32. Rac1 Rbc8 33. Rxc7 Rxc7 34.
Be2 Qc6 35. Bb5 Qd6 36. Be2 Be6 37. Bb5 Qf8 38. Ba6 Qe8 39. Bb5 Qc8 40. Qa3 Rc2
41. Qd6 Kf7 42. g4 Qc7 43. Be8+ Kxe8 44. Qxe6+ Qe7 45. Qg8+ Kd7 46. Qxd5+ Kc7
47. Qb3 Rc6 48. gxf5 Qh4 49. Qf7+ Kb8 50. Qf8+ Rc8 51. Qd6+ Kb7 52. Qd5+ Ka6
53. Qb5+ Kb7 54. Qd5+ Ka6 55. Qxe4 Qf6 56. Qd3+ Kb7 57. Re6 Qh4 58. Qe3 Qg4+
59. Kf1 Qd1+ 60. Kf2 Qc2+ 61. Kg3 0-1

[Event "Campeonato de España Universitario 2008"]
[Site "Madrid ESP"]
[Date "2008.05.08"]
[Round "2.29"]
[White "Plasencia Martinez, Victor"]
[Black "Sanchez Saez, Francisco"]
[Result "0-1"]
[WhiteElo "2088"]
[BlackElo "2219"]
[PlyCount "118"]
[EventDate "2008.05.08"]
[EventType "swiss"]
[EventRounds "9"]
[EventCountry "ESP"]
[Source "lmi"]
[SourceDate "2008.05.08"]

1. e4 c5 2. Nf3 d6 3. d4 cxd4 4. Nxd4 Nf6 5. Nc3 g6 6. Be3 Bg7 7. f3 O-O 8. Qd2
Nc6 9. Bc4 Bd7 10. O-O-O Qb8 11. Bb3 a5 12. a4 Nxd4 13. Bxd4 b5 14. g4 bxa4 15.
Bxa4 Bxa4 16. Nxa4 Qb5 17. b3 Rfc8 18. Qd3 Qxd3 19. Rxd3 Rc6 20. c4 Rb8 21. Kc2
Nd7 22. Bxg7 Kxg7 23. Ra1 Ne5 24. Re3 Ra6 25. h3 Nc6 26. Rd1 Ra7 27. f4 Rab7
28. e5 dxe5 29. fxe5 Nb4+ 30. Kb2 Rc8 31. e6 fxe6 32. Rxe6 Kf7 33. Re4 e6 34.
Rf1+ Ke7 35. Rf3 Rd7 36. Ref4 Nd3+ 37. Kc3 Nxf4 38. Rxf4 Rcd8 39. Rf3 Rd1 40.
c5 e5 41. Kc4 Rb8 42. Nb6 Ke6 43. Kb5 e4 44. Re3 Ke5 45. c6 Rc1 46. Re2 a4 47.
c7 Rxc7 48. bxa4 Kd4 49. Rd2+ Kc3 50. Rd6 e3 51. Re6 Kd2 52. Rd6+ Ke1 53. Re6
e2 54. a5 Rc1 55. a6 Kf2 56. a7 Rb1+ 57. Kc5 R1xb6 58. Rxb6 Rc8+ 59. Rc6 Rxc6+
0-1

[Event "Campeonato de España Universitario 2008"]
[Site "Madrid ESP"]
[Date "2008.05.08"]
[Round "2.30"]
[White "Gimeno Higueras, Roberto"]
[Black "Graña Lois, Jorge"]
[Result "1-0"]
[WhiteElo "2219"]
[BlackElo "2085"]
[PlyCount "115"]
[EventDate "2008.05.08"]
[EventType "swiss"]
[EventRounds "9"]
[EventCountry "ESP"]
[Source "lmi"]
[SourceDate "2008.05.08"]

1. e4 e6 2. d4 d5 3. Nc3 Bb4 4. e5 c5 5. a3 Bxc3+ 6. bxc3 Qc7 7. Bd3 b6 8. Qg4
f5 9. exf6 Nxf6 10. Bb5+ Kf7 11. Qh4 Rf8 12. Bf4 Qd8 13. Nf3 Bd7 14. Bd3 h6 15.
Qg3 Ne4 16. Bxe4 dxe4 17. Ne5+ Kg8 18. Bxh6 Qf6 19. Bg5 Qf5 20. O-O Ba4 21. f3
Nc6 22. Nd7 Nxd4 23. cxd4 Bxd7 24. c3 Bb5 25. Rf2 Rac8 26. Re1 cxd4 27. cxd4
Rc3 28. Be7 Rf7 29. Bb4 Rd3 30. Qd6 exf3 31. Qd8+ Kh7 32. Qh4+ Kg8 33. g4 Qf6
34. g5 Qf4 35. Qh3 Qxg5+ 36. Kh1 Bc4 37. Bd6 Qe3 38. Qf1 Rd1 39. Rxe3 Bxf1 40.
h4 Bg2+ 41. Kh2 Rh1+ 42. Kg3 Rf6 43. Be7 Rg6+ 44. Bg5 Rd1 45. Re4 Rd3 46. Kf4
e5+ 47. dxe5 Kf7 48. Rc2 Rd7 49. Kg3 Re6 50. Rc8 Kg6 51. Rh8 Rd5 52. Bf4 Kf5
53. Re3 Rd4 54. h5 Re7 55. e6 Rxf4 56. Rf8+ Kg5 57. Re5+ Kh6 58. Rh8# 1-0

[Event "Campeonato de España Universitario 2008"]
[Site "Madrid ESP"]
[Date "2008.05.08"]
[Round "2.31"]
[White "Martin Alvarez, Iñigo"]
[Black "Paredes Mancha, Antonio"]
[Result "1-0"]
[WhiteElo "2214"]
[BlackElo "2076"]
[PlyCount "65"]
[EventDate "2008.05.08"]
[EventType "swiss"]
[EventRounds "9"]
[EventCountry "ESP"]
[Source "lmi"]
[SourceDate "2008.05.08"]

1. e4 e5 2. Nf3 Nc6 3. Bb5 a6 4. Bxc6 dxc6 5. O-O f6 6. d4 exd4 7. Nxd4 c5 8.
Ne2 Qxd1 9. Rxd1 Bd6 10. Nbc3 Bd7 11. Nd5 Ne7 12. Bf4 Nxd5 13. Bxd6 cxd6 14.
Rxd5 Ke7 15. Rad1 Bc6 16. Rxd6 Bxe4 17. Rd7+ Kf8 18. Nf4 Re8 19. f3 Bc6 20. Rc7
Rg8 21. Rd6 Re7 22. Rd8+ Be8 23. Rxc5 g6 24. Nd5 Re1+ 25. Kf2 Rd1 26. Rxe8+
Kxe8 27. Nxf6+ Kf7 28. Nxg8 Kxg8 29. Rc8+ Kg7 30. Rc7+ Kf6 31. Rxh7 Rd2+ 32.
Kg3 b5 33. Rc7 1-0

[Event "Campeonato de España Universitario 2008"]
[Site "Madrid ESP"]
[Date "2008.05.08"]
[Round "2.32"]
[White "Castejon Caballero, Natalia"]
[Black "Aymerich Rosell, Pablo"]
[Result "0-1"]
[WhiteElo "2079"]
[BlackElo "2210"]
[PlyCount "76"]
[EventDate "2008.05.08"]
[EventType "swiss"]
[EventRounds "9"]
[EventCountry "ESP"]
[Source "lmi"]
[SourceDate "2008.05.08"]

1. e4 c5 2. c3 d5 3. exd5 Qxd5 4. d4 Nf6 5. Nf3 e6 6. Bd3 Nc6 7. O-O cxd4 8.
cxd4 Be7 9. Nc3 Qd8 10. Re1 O-O 11. a3 b6 12. Bf4 Bb7 13. Rc1 Rc8 14. Bb1 g6
15. Qd3 Re8 16. h3 Bf8 17. Bg5 Bg7 18. Ne4 h6 19. Nxf6+ Bxf6 20. Bxh6 Nxd4 21.
Nxd4 Qxd4 22. Qg3 Bh4 23. Qf4 Qxf4 24. Bxf4 Bf6 25. Rcd1 Bd5 26. Be5 Bxe5 27.
Rxe5 Red8 28. b4 Kg7 29. h4 Bb3 30. Rxd8 Rxd8 31. Kh2 Rd4 32. Kg3 f5 33. Re1
Kf6 34. Rc1 a5 35. bxa5 bxa5 36. Rc3 Bd5 37. Bd3 Rg4+ 38. Kh2 Rxg2+ 0-1

[Event "Campeonato de España Universitario 2008"]
[Site "Madrid ESP"]
[Date "2008.05.08"]
[Round "2.33"]
[White "Mestres Cochs, Joan"]
[Black "Zamarbide Iñarrea, Borja"]
[Result "0-1"]
[WhiteElo "2070"]
[BlackElo "2202"]
[PlyCount "78"]
[EventDate "2008.05.08"]
[EventType "swiss"]
[EventRounds "9"]
[EventCountry "ESP"]
[Source "lmi"]
[SourceDate "2008.05.08"]

1. e4 e6 2. d4 d5 3. exd5 exd5 4. Bd3 Nf6 5. Bf4 Bd6 6. Bxd6 Qxd6 7. Nf3 Bg4 8.
O-O O-O 9. Nbd2 Nc6 10. c3 Ne7 11. Qc2 Ng6 12. h3 Bd7 13. Rae1 Rae8 14. Re3
Rxe3 15. fxe3 Qg3 16. Kh1 Re8 17. Re1 Ne4 18. Bxe4 Bxh3 19. Nf1 Qxg2+ 20. Qxg2
Bxg2+ 21. Kxg2 dxe4 22. Ng5 h6 23. Nh3 Nh4+ 24. Kf2 g5 25. Ng3 f5 26. Rf1 Kg7
27. Ke2 Kg6 28. Nf2 h5 29. c4 Nf3 30. Rh1 h4 31. Nf1 g4 32. Nd2 Kg5 33. Rf1 h3
34. Nh1 Kh4 35. Nxf3+ exf3+ 36. Kf2 f4 37. Re1 fxe3+ 38. Rxe3 Rxe3 39. Kxe3 g3
0-1

[Event "Campeonato de España Universitario 2008"]
[Site "Madrid ESP"]
[Date "2008.05.08"]
[Round "2.34"]
[White "Jimenez Martinez, Jose Vicente"]
[Black "Fernandez Blazquez, Diego"]
[Result "1-0"]
[WhiteElo "2202"]
[BlackElo "2068"]
[PlyCount "53"]
[EventDate "2008.05.08"]
[EventType "swiss"]
[EventRounds "9"]
[EventCountry "ESP"]
[Source "lmi"]
[SourceDate "2008.05.08"]

1. d4 Nf6 2. c4 c5 3. d5 b5 4. cxb5 a6 5. b6 Qxb6 6. Nc3 g6 7. e4 d6 8. Be2 Bg7
9. Nf3 O-O 10. O-O Nbd7 11. Nd2 Rb8 12. Nc4 Qc7 13. a4 Nb6 14. Na3 a5 15. Qc2
e6 16. Ncb5 Qe7 17. Bf4 Rd8 18. Nxd6 exd5 19. Nxf7 Qxf7 20. Bxb8 Nxe4 21. Bg3
Bf5 22. Qb3 Nd7 23. Rad1 Ndf6 24. Nc4 Nxg3 25. hxg3 Qc7 26. Ne3 c4 27. Bxc4 1-0

[Event "Campeonato de España Universitario 2008"]
[Site "Madrid ESP"]
[Date "2008.05.08"]
[Round "2.35"]
[White "Pellicer Coloma, Pedro"]
[Black "Garcia Mendoza, Francisco"]
[Result "0-1"]
[WhiteElo "2006"]
[BlackElo "2195"]
[PlyCount "66"]
[EventDate "2008.05.08"]
[EventType "swiss"]
[EventRounds "9"]
[EventCountry "ESP"]
[Source "lmi"]
[SourceDate "2008.05.08"]

1. d4 Nf6 2. Nf3 c5 3. e3 g6 4. c3 Bg7 5. Bd3 cxd4 6. exd4 b6 7. O-O Bb7 8. h3
O-O 9. Bf4 d6 10. Nbd2 Nbd7 11. Re1 Re8 12. Bh2 a6 13. Ne4 b5 14. a4 bxa4 15.
Rxa4 Nb6 16. Ra2 Nfd5 17. Qe2 a5 18. Neg5 e5 19. Bb5 Re7 20. dxe5 dxe5 21. Qd2
h6 22. Ne4 Qc7 23. c4 Nb4 24. Rxa5 Rxa5 25. Qxb4 Ra8 26. Nfd2 Rd8 27. c5 Nd5
28. Qc4 Bc8 29. b4 Be6 30. Qc1 Nxb4 31. Qa3 Nc2 32. Qc1 Nxe1 33. Qxe1 f5 0-1

[Event "Campeonato de España Universitario 2008"]
[Site "Madrid ESP"]
[Date "2008.05.08"]
[Round "2.36"]
[White "Alarcia Astiz, Carlos"]
[Black "Peiro Ibañez, Felipe"]
[Result "1-0"]
[WhiteElo "2191"]
[BlackElo "1930"]
[PlyCount "75"]
[EventDate "2008.05.08"]
[EventType "swiss"]
[EventRounds "9"]
[EventCountry "ESP"]
[Source "lmi"]
[SourceDate "2008.05.08"]

1. e4 c5 2. Nf3 Nc6 3. d4 cxd4 4. Nxd4 Nf6 5. Nc3 e6 6. Ndb5 d6 7. Bf4 e5 8.
Bg5 a6 9. Na3 Be7 10. Bxf6 Bxf6 11. Nd5 b5 12. c3 Bb7 13. Nc2 Bg5 14. Be2 Ne7
15. Nxe7 Qxe7 16. Bf3 O-O 17. O-O Rad8 18. Nb4 Qe6 19. a4 Qc4 20. axb5 Qxb5 21.
Ra2 a5 22. Nd5 Qc5 23. b4 axb4 24. cxb4 Qb5 25. Be2 Qe8 26. Ra7 Bxd5 27. Qxd5
Qe6 28. Bc4 Qf6 29. Rd1 Qg6 30. Rd3 Bf6 31. Rda3 Qg5 32. g3 Be7 33. Rf3 Bf6 34.
Rxf7 Rxf7 35. Qxf7+ Kh8 36. Kg2 Qd2 37. Rxf6 gxf6 38. Qxf6# 1-0

[Event "Campeonato de España Universitario 2008"]
[Site "Madrid ESP"]
[Date "2008.05.08"]
[Round "2.37"]
[White "Jane Besora, Rafael"]
[Black "Alonso Alvarez, Aitor"]
[Result "0-1"]
[WhiteElo "1998"]
[BlackElo "2190"]
[PlyCount "94"]
[EventDate "2008.05.08"]
[EventType "swiss"]
[EventRounds "9"]
[EventCountry "ESP"]
[Source "lmi"]
[SourceDate "2008.05.08"]

1. e4 c5 2. Ne2 Nc6 3. d4 cxd4 4. Nxd4 g6 5. Nc3 Bg7 6. Be3 Nf6 7. f3 O-O 8.
Qd2 d5 9. Nxc6 bxc6 10. Rd1 Bb7 11. e5 Nd7 12. f4 e6 13. Qf2 Qa5 14. Bd2 Qc7
15. Be2 a6 16. O-O c5 17. Bf3 Rab8 18. h4 Ba8 19. b3 f6 20. exf6 Bxf6 21. Qg3
Rfe8 22. h5 Nf8 23. Rfe1 Rbd8 24. hxg6 hxg6 25. Ne2 Qe7 26. Qh3 Qa7 27. Kh2 Rd7
28. Kg3 Rh7 29. Qg4 Bh4+ 30. Qxh4 Rxh4 31. Kxh4 e5 32. Kg3 e4 33. Bg4 Ne6 34.
Bxe6+ Rxe6 35. Rh1 Qg7 36. Bc3 d4 37. Nxd4 cxd4 38. Bxd4 Rf6 39. Be5 Qe7 40.
Rd4 g5 41. Bxf6 gxf4+ 42. Kf2 Qxf6 43. Rhd1 e3+ 44. Kf1 Qh4 45. Rd8+ Kg7 46.
Kg1 Qf2+ 47. Kh1 Qxg2# 0-1

[Event "Campeonato de España Universitario 2008"]
[Site "Madrid ESP"]
[Date "2008.05.08"]
[Round "2.39"]
[White "Delgado Lozano, Andres"]
[Black "Serrano Bozada, Esteban"]
[Result "0-1"]
[WhiteElo "1951"]
[BlackElo "2188"]
[PlyCount "40"]
[EventDate "2008.05.08"]
[EventType "swiss"]
[EventRounds "9"]
[EventCountry "ESP"]
[Source "lmi"]
[SourceDate "2008.05.08"]

1. d4 Nf6 2. c4 c5 3. d5 e5 4. dxe6 fxe6 5. Nc3 d5 6. cxd5 exd5 7. e3 Be7 8.
Nf3 O-O 9. Be2 Nc6 10. O-O Kh8 11. b3 Bf5 12. Bb2 d4 13. exd4 cxd4 14. Na4 d3
15. Re1 dxe2 16. Qxe2 Bg4 17. Rad1 Qa5 18. Qc4 Bxf3 19. gxf3 Rad8 20. Rxd8
Qxe1+ 0-1

[Event "Campeonato de España Universitario 2008"]
[Site "Madrid ESP"]
[Date "2008.05.08"]
[Round "2.44"]
[White "Alcazar Jimenez, Jesus Alberto"]
[Black "Martinez Martin, Iñigo"]
[Result "0-1"]
[WhiteElo "2247"]
[BlackElo "2228"]
[PlyCount "82"]
[EventDate "2008.05.08"]
[EventType "swiss"]
[EventRounds "9"]
[EventCountry "ESP"]
[Source "lmi"]
[SourceDate "2008.05.08"]

1. e4 e5 2. Nf3 Nf6 3. Nc3 Nc6 4. d4 exd4 5. Nd5 Nb4 6. Bc4 Nbxd5 7. exd5 Bb4+
8. Bd2 Qe7+ 9. Qe2 Bxd2+ 10. Kxd2 Qxe2+ 11. Kxe2 c5 12. Rhe1 O-O 13. d6 Ne4 14.
Kf1 Nxd6 15. Bd5 Rb8 16. g4 b6 17. Re7 Bb7 18. Bxb7 Rxb7 19. Rae1 Nc8 20. Re8
f6 21. b4 d6 22. h4 Kf7 23. Rxf8+ Kxf8 24. Rd1 Ne7 25. a3 Nd5 26. Rd3 Re7 27.
Nd2 Nf4 28. Rf3 g5 29. hxg5 fxg5 30. Nc4 Re6 31. Nb2 Ke7 32. b5 d5 33. a4 Ng6
34. a5 Ne5 35. Rh3 h6 36. a6 Nxg4 37. Nd3 Rf6 38. Rg3 Ne3+ 39. Kg1 Nxc2 40. Ne5
Nb4 41. f4 d3 0-1

[Event "Campeonato de España Universitario 2008"]
[Site "Madrid ESP"]
[Date "2008.05.08"]
[Round "2.45"]
[White "Gomez Peco, David"]
[Black "Alcaraz Pacheco, Ivan"]
[Result "0-1"]
[WhiteElo "1980"]
[BlackElo "2011"]
[PlyCount "56"]
[EventDate "2008.05.08"]
[EventType "swiss"]
[EventRounds "9"]
[EventCountry "ESP"]
[Source "lmi"]
[SourceDate "2008.05.08"]

1. e4 d5 2. d4 dxe4 3. Nc3 Nf6 4. f3 exf3 5. Nxf3 Bg4 6. h3 Bh5 7. g4 Bg6 8.
Be3 e6 9. Bg2 c6 10. a3 Bd6 11. Bf2 Nbd7 12. Qd2 Qc7 13. O-O-O Bf4 14. Be3 Bxe3
15. Qxe3 Nd5 16. Nxd5 cxd5 17. Ne1 Rc8 18. Rd2 Nb6 19. Rf2 O-O 20. h4 Nc4 21.
Qb3 Nd6 22. h5 Be4 23. h6 g6 24. g5 Qc4 25. Qxc4 Rxc4 26. c3 Bxg2 27. Rxg2 Rfc8
28. Rf1 Rxd4 0-1

[Event "Campeonato de España Universitario 2008"]
[Site "Madrid ESP"]
[Date "2008.05.08"]
[Round "2.46"]
[White "Martinez Lozano, Miguel Angel"]
[Black "Mancha Otano, Aritz"]
[Result "1-0"]
[WhiteElo "2209"]
[BlackElo "1989"]
[PlyCount "101"]
[EventDate "2008.05.08"]
[EventType "swiss"]
[EventRounds "9"]
[EventCountry "ESP"]
[Source "lmi"]
[SourceDate "2008.05.08"]

1. Nf3 Nf6 2. g3 g6 3. Bg2 Bg7 4. O-O O-O 5. d3 d5 6. Nbd2 c6 7. e4 dxe4 8.
dxe4 Bg4 9. h3 Bxf3 10. Qxf3 Nbd7 11. Qe2 Qb6 12. e5 Nd5 13. e6 N7f6 14. Nf3
Nh5 15. exf7+ Rxf7 16. Ng5 Rf6 17. Kh2 Raf8 18. f4 h6 19. Ne6 R8f7 20. Nxg7
Nxg7 21. c4 Nb4 22. Be3 Qc7 23. a3 Na6 24. Bd4 Re6 25. Be5 Qc8 26. b4 Nb8 27.
Qd2 Nd7 28. Bb2 Nf6 29. c5 Rf8 30. Rad1 Nd5 31. Bxd5 cxd5 32. Qxd5 Qc6 33. Qxc6
bxc6 34. Be5 Nf5 35. Rd7 Nxg3 36. Kxg3 Rxe5 37. fxe5 Rxf1 38. Rxe7 a5 39. Re6
Kf7 40. Rxc6 Ra1 41. Rf6+ Kg7 42. Rf3 axb4 43. axb4 Rb1 44. Rf4 Rb3+ 45. Kg2 g5
46. Rc4 Kf7 47. e6+ Kxe6 48. c6 Kd5 49. Rc5+ Ke4 50. c7 Rb2+ 51. Kf1 1-0

[Event "Campeonato de España Universitario 2008"]
[Site "Madrid ESP"]
[Date "2008.05.08"]
[Round "2.47"]
[White "Sanchez Jimenez, David"]
[Black "Vallejo Diaz, Jesus"]
[Result "0-1"]
[WhiteElo "1916"]
[BlackElo "2269"]
[PlyCount "102"]
[EventDate "2008.05.08"]
[EventType "swiss"]
[EventRounds "9"]
[EventCountry "ESP"]
[Source "lmi"]
[SourceDate "2008.05.08"]

1. f4 Nf6 2. Nf3 g6 3. g3 Bg7 4. Bg2 d6 5. d3 Nbd7 6. e4 e5 7. O-O c6 8. h3 O-O
9. Nc3 Nh5 10. Qe1 exf4 11. gxf4 Nc5 12. Be3 f5 13. e5 Ne6 14. Qd2 dxe5 15.
fxe5 f4 16. Bf2 Ng5 17. Bc5 Re8 18. Nxg5 Qxg5 19. d4 Bxh3 20. Ne4 Qg4 21. Rf3
Bxg2 22. Qxg2 Qxg2+ 23. Kxg2 Bxe5 24. Re1 Bg7 25. c3 h6 26. Rh3 Re6 27. Kf3
Rae8 28. Re2 a6 29. Bd6 Ng3 30. Nxg3 fxg3 31. Rxe6 Rxe6 32. Bxg3 g5 33. Rh2 Kf7
34. Rd2 h5 35. d5 cxd5 36. Rxd5 Kg6 37. Rc5 g4+ 38. Kf2 Bh6 39. Rc7 b5 40. c4
bxc4 41. Rxc4 Be3+ 42. Kf1 Bg5 43. b4 Re3 44. Rc6+ Kf5 45. Bd6 Rf3+ 46. Kg2 h4
47. Rxa6 h3+ 48. Kh2 Rf2+ 49. Kh1 Be3 50. Ra3 Ke4 51. Bc5 Rf1+ 0-1

[Event "Campeonato de España Universitario 2008"]
[Site "Madrid ESP"]
[Date "2008.05.08"]
[Round "2.48"]
[White "Litran Sirvent, Oscar"]
[Black "Bermejo Martinez, Jorge"]
[Result "0-1"]
[WhiteElo "1910"]
[BlackElo "2267"]
[PlyCount "42"]
[EventDate "2008.05.08"]
[EventType "swiss"]
[EventRounds "9"]
[EventCountry "ESP"]
[Source "lmi"]
[SourceDate "2008.05.08"]

1. e4 c5 2. d4 cxd4 3. c3 g6 4. cxd4 d5 5. exd5 Nf6 6. Nc3 Nxd5 7. Bc4 Nb6 8.
Bb3 Bg7 9. Nf3 O-O 10. O-O Nc6 11. Be3 Na5 12. Rc1 Bg4 13. Bc2 Nac4 14. b3 Nxe3
15. fxe3 e5 16. Kh1 Rc8 17. Bb1 exd4 18. exd4 Bh6 19. Rc2 Bf5 20. Ne2 Bxc2 21.
Bxc2 Nd5 0-1

[Event "Campeonato de España Universitario 2008"]
[Site "Madrid ESP"]
[Date "2008.05.08"]
[Round "2.49"]
[White "Ortiz Fernandez, David"]
[Black "Paredes Sanchez, Juan"]
[Result "0-1"]
[WhiteElo "1905"]
[BlackElo "2215"]
[PlyCount "76"]
[EventDate "2008.05.08"]
[EventType "swiss"]
[EventRounds "9"]
[EventCountry "ESP"]
[Source "lmi"]
[SourceDate "2008.05.08"]

1. e4 c5 2. Nf3 d6 3. c3 Nf6 4. Bb5+ Nbd7 5. Qe2 a6 6. Ba4 b5 7. Bc2 Ne5 8. d4
Nxf3+ 9. Qxf3 Bb7 10. Be3 cxd4 11. cxd4 Rc8 12. Nc3 g6 13. O-O Bg7 14. Rac1 O-O
15. a3 Qd7 16. Rfd1 a5 17. d5 Ng4 18. Bd3 Ne5 19. Qe2 Nxd3 20. Qxd3 b4 21. axb4
axb4 22. Na2 Qa4 23. Rxc8 Rxc8 24. Nc1 Bxb2 25. Qb3 Qa3 26. Qxa3 bxa3 27. Nd3
Bf6 28. f4 Bg7 29. Bc1 Rc3 30. Nb4 Rb3 31. Na2 Rb1 32. Kf2 Bb2 33. Ke1 Bxc1 34.
Nxc1 e6 35. dxe6 fxe6 36. Na2 Rxd1+ 37. Kxd1 Bxe4 38. g3 Bd5 0-1

[Event "Campeonato de España Universitario 2008"]
[Site "Madrid ESP"]
[Date "2008.05.08"]
[Round "2.50"]
[White "Casanellas Ruano, Lluis"]
[Black "Cobo Montejo, Miguel Angel"]
[Result "1-0"]
[WhiteElo "2146"]
[BlackElo "1918"]
[PlyCount "105"]
[EventDate "2008.05.08"]
[EventType "swiss"]
[EventRounds "9"]
[EventCountry "ESP"]
[Source "lmi"]
[SourceDate "2008.05.08"]

1. e4 c5 2. Nf3 d6 3. d4 cxd4 4. Nxd4 Nf6 5. f3 a6 6. c4 Qc7 7. Be2 e6 8. Be3
Be7 9. O-O Nbd7 10. Qd2 O-O 11. Nc3 b6 12. Rfd1 Bb7 13. Bf1 Ne5 14. b3 Rfd8 15.
Qf2 Rac8 16. Nde2 Ned7 17. Rac1 Ne8 18. Bd4 Bf6 19. Bxf6 Ndxf6 20. Na4 Nd7 21.
Qg3 Bc6 22. Nac3 Qb7 23. Nd4 Ndf6 24. b4 Nc7 25. h3 b5 26. Nxc6 Qxc6 27. cxb5
Qb6+ 28. Qf2 Qxf2+ 29. Kxf2 axb5 30. Nxb5 Nxb5 31. Bxb5 d5 32. e5 Ne8 33. Rxc8
Rxc8 34. Bxe8 Rxe8 35. a4 Rc8 36. Rd2 Kf8 37. b5 Ke7 38. a5 Ra8 39. a6 Kd7 40.
Rc2 f6 41. f4 h6 42. Ke3 Ra7 43. Kd4 Ra8 44. Rc3 Ra7 45. h4 h5 46. Rg3 Kc8 47.
Kc5 fxe5 48. fxe5 Rd7 49. b6 d4 50. Rf3 Rd8 51. b7+ Kc7 52. Rf7+ Kb8 53. Kb6
1-0